000
00310nam a22001337a 4500
003
SGT
020
_a
9788887400204
082
_a
615.190
_b
LAM
100
_a
LAMBERT HOLLY
245
_a
COMPUTER AIDED DRUG DISCOVERY AND DESIGN
260
_a
USA
_b
AMERICAN MED PUB
_c
2022
300
_a
229
942
_2
ddc
_c
BK
999
_c
34496
_d
34496